Un brevet pour la vie. La propriété intellectuelle et ses effets sur le commerce, la biodiversité et le monde rural
Gorde:
| Formatua: | Liburua |
|---|---|
| Hizkuntza: | Undetermined |
| Argitaratua: |
Toronto, Canada
CRDI
1994
|
| Gaiak: | |
| Etiketak: |
Etiketa erantsi
Etiketarik gabe, Izan zaitez lehena erregistro honi etiketa jartzen!
|
| Thư viện lưu trữ: | Trung tâm Học liệu Trường Đại học Cần Thơ |
|---|
| LEADER | 00523nam a2200157Ia 4500 | ||
|---|---|---|---|
| 001 | CTU_6408 | ||
| 008 | 210402s9999 xx 000 0 und d | ||
| 082 | |a 346.047 | ||
| 082 | |b P349f | ||
| 245 | 0 | |a Un brevet pour la vie. La propriété intellectuelle et ses effets sur le commerce, la biodiversité et le monde rural | |
| 260 | |a Toronto, Canada | ||
| 260 | |b CRDI | ||
| 260 | |c 1994 | ||
| 650 | |a commercial law | ||
| 904 | |i Nguyễn Quang Điền, 960820 | ||
| 980 | |a Trung tâm Học liệu Trường Đại học Cần Thơ | ||